Automotive User Interfaces : Creating Interactive Experiences in the Car /
Saved in:
| Other Authors: | , |
|---|---|
| Format: | Book |
| Language: | English |
| Published: |
Cham :
Springer Nature
2017
|
| Edition: | 1. vyd. |
| Series: | Human-Computer Interaction Series
|
| Subjects: | |
| Tags: |
No Tags, Be the first to tag this record!
|
MARC
| LEADER | 00000nam a22000003a 4500 | ||
|---|---|---|---|
| 001 | 0026174 | ||
| 003 | SK-STU | ||
| 005 | 20171009125722.2 | ||
| 007 | ta | ||
| 008 | 170920s ----xo-----e------000-0-----d | ||
| 020 | |a 978-3-319-49447-0 | ||
| 022 | |a 1571-5035 | ||
| 040 | |a STU |b slo | ||
| 041 | 0 | |a eng | |
| 044 | |a sz | ||
| 100 | 1 | |a Meixner, Gerrit |4 edt | |
| 100 | 1 | |a Müller, Christian |4 edt | |
| 245 | 1 | 0 | |a Automotive User Interfaces : |b Creating Interactive Experiences in the Car / |c ed. Gerrit Meixner |
| 250 | |a 1. vyd. | ||
| 260 | |a Cham : |b Springer Nature |c 2017 | ||
| 300 | |a 510 s | ||
| 490 | 0 | |a Human-Computer Interaction Series | |
| 650 | 0 | 7 | |a automobilová elektronika |
| 996 | |b 11212 |c I* 20SS11212 |l II680 |s A |a 24 |w 0026174_0001 | ||